[Event "Guimaraes op 3rd"]
[Site "Guimaraes"]
[Date "2019.08.30"]
[Round "4"]
[White "Alonso Garcia, Aaron"]
[Black "Hernandez Torralba, Sergio"]
[Result "1-0"]
[WhiteElo "2291"]
[BlackElo "1856"]
[PlyCount "111"]
[EventDate "2019.08.28"]
[EventType "swiss"]
[EventRounds "7"]
[EventCountry "POR"]
[SourceTitle "EXT 2020"]
[Source "ChessBase"]
[SourceDate "2019.10.17"]
[SourceVersion "1"]
[SourceVersionDate "2019.10.17"]
[SourceQuality "1"]

1. e4 c5 2. Nf3 d6 3. d4 cxd4 4. Nxd4 Nf6 5. Nc3 g6 6. Be3 Bg7 7. f3 0-0 8. Qd2 Nc6 9. Bc4 Bd7 10. 0-0-0 Rc8 11. Bb3 Nxd4 12. Bxd4 b5 13. Nd5 Nxd5 14. Bxg7 Kxg7 15. exd5 a5 16. a3 b4 17. axb4 axb4 18. Qxb4 Kg8 19. Rhe1 Rc5 20. Re3 Re8 21. Rde1 Bb5 22. Qh4 Rc7 23. c3 Ra7 24. Qd4 Qa8 25. h4 Ba4 26. Bc4 Rb7 27. b4 Bb5 28. Kb2 Bxc4 29. Qxc4 Ra7 30. h5 Rc8 31. Qb3 Rcc7 32. hxg6 fxg6 33. Re4 Qf8 34. b5 Rc5 35. Ra1 Rxa1 36. Kxa1 Qf6 37. Rc4 Rxc4 38. Qxc4 Qg5 39. b6 Qe3 40. Qb4 Qc1+ 41. Ka2 Qd2+ 42. Ka3 Qc1+ 43. Qb2 Qf1 44. Qb4 Qa1+ 45. Kb3 Qd1+ 46. Ka2 Qc2+ 47. Ka3 Qc1+ 48. Ka4 Qd1+ 49. Qb3 Qa1+ 50. Kb5 Qa8 51. Qc4 Kf7 52. Qc6 Qa3 53. b7 Qb3+ 54. Ka6 Qa3+ 55. Kb6 Qb3+ 56. Kc7 1-0

[Event "Guimaraes op 3rd"]
[Site "Guimaraes"]
[Date "2019.08.29"]
[Round "2"]
[White "Garcia Dorado, Alberto"]
[Black "Hernandez Torralba, Sergio"]
[Result "1-0"]
[WhiteElo "2205"]
[BlackElo "1856"]
[PlyCount "75"]
[EventDate "2019.08.28"]
[EventType "swiss"]
[EventRounds "7"]
[EventCountry "POR"]
[SourceTitle "EXT 2020"]
[Source "ChessBase"]
[SourceDate "2019.10.17"]
[SourceVersion "1"]
[SourceVersionDate "2019.10.17"]
[SourceQuality "1"]

1. d4 Nf6 2. c4 g6 3. Nf3 Bg7 4. Nc3 d6 5. g3 0-0 6. Bg2 Nbd7 7. 0-0 e5 8. h3 c6 9. e4 Re8 10. Be3 exd4 11. Nxd4 Nc5 12. Qc2 a5 13. Rad1 Qe7 14. Rfe1 Be6 15. b3 Rad8 16. f4 Bc8 17. Bf2 Qc7 18. Rd2 Nh5 19. Red1 Bh6 20. Ndb5 cxb5 21. Nxb5 Qe7 22. Nxd6 Rxd6 23. Rxd6 Ne6 24. f5 Nd8 25. g4 Nf4 26. f6 Qf8 27. Bc5 Nde6 28. Ba3 Nxh3+ 29. Bxh3 Be3+ 30. Kh1 Qh6 31. Qg2 Bf4 32. R6d5 Bc7 33. Bd6 Bb6 34. c5 Bd8 35. Be5 Bxf6 36. Bxf6 b6 37. c6 Qf4 38. g5 1-0

[Event "Almansa op-B 14th"]
[Site "Almansa"]
[Date "2019.08.09"]
[Round "6"]
[White "Hernandez Torralba, Sergio"]
[Black "Sempere Domenech, Abel"]
[Result "1/2-1/2"]
[WhiteElo "1856"]
[BlackElo "1853"]
[PlyCount "41"]
[EventDate "2019.08.07"]
[EventType "swiss"]
[EventRounds "7"]
[EventCountry "ESP"]
[SourceTitle "EXT 2022"]
[Source "ChessBase"]
[SourceDate "2021.10.06"]
[SourceVersion "1"]
[SourceVersionDate "2021.10.06"]
[SourceQuality "1"]

1. e4 e6 2. d4 d5 3. Nd2 dxe4 4. Nxe4 Nf6 5. Bd3 Nbd7 6. Nf3 Nxe4 7. Bxe4 Nf6 8. Bd3 Be7 9. Qe2 b6 10. Bb5+ Bd7 11. Ne5 0-0 12. Nxd7 Nxd7 13. 0-0 Nf6 14. Rd1 Qd6 15. Bd3 c6 16. Qf3 Qd5 17. Qh3 Qh5 18. Qxh5 Nxh5 19. Be4 Rac8 20. Bf3 Nf6 21. Bf4 1/2-1/2

[Event "Almansa op-B 14th"]
[Site "Almansa"]
[Date "2019.08.08"]
[Round "4"]
[White "Moya Albaladejo, Jose Antonio"]
[Black "Hernandez Torralba, Sergio"]
[Result "1-0"]
[WhiteElo "1921"]
[BlackElo "1856"]
[PlyCount "73"]
[EventDate "2019.08.07"]
[EventType "swiss"]
[EventRounds "7"]
[EventCountry "ESP"]
[SourceTitle "EXT 2022"]
[Source "ChessBase"]
[SourceDate "2021.10.06"]
[SourceVersion "1"]
[SourceVersionDate "2021.10.06"]
[SourceQuality "1"]

1. e4 c5 2. Nf3 d6 3. Bb5+ Bd7 4. Bxd7+ Qxd7 5. 0-0 Nf6 6. Qe2 Nc6 7. Rd1 e6 8. b3 Be7 9. Bb2 0-0 10. d4 cxd4 11. Nxd4 a6 12. c4 Nxd4 13. Rxd4 Qc6 14. Nc3 Rfd8 15. Rc1 Ne8 16. Rd3 Bf6 17. f4 Nc7 18. Kh1 Rd7 19. Rg3 Rad8 20. Nd5 Bxb2 21. Qxb2 Ne8 22. Nc3 Qc5 23. Rd1 b5 24. cxb5 axb5 25. a4 b4 26. Nb5 d5 27. Rgd3 Nc7 28. Nxc7 Qxc7 29. Qd2 Qb7 30. Rd4 Rb8 31. exd5 Rxd5 32. Rxd5 exd5 33. Qxd5 Qe7 34. h3 h6 35. Kh2 Rc8 36. Rd3 Kh7 37. Qf5+ 1-0

[Event "Almansa op-B 14th"]
[Site "Almansa"]
[Date "2019.08.08"]
[Round "3"]
[White "Munoz Candela, Pedro"]
[Black "Hernandez Torralba, Sergio"]
[Result "0-1"]
[WhiteElo "1573"]
[BlackElo "1856"]
[PlyCount "50"]
[EventDate "2019.08.07"]
[EventType "swiss"]
[EventRounds "7"]
[EventCountry "ESP"]
[SourceTitle "EXT 2022"]
[Source "ChessBase"]
[SourceDate "2021.10.06"]
[SourceVersion "1"]
[SourceVersionDate "2021.10.06"]
[SourceQuality "1"]

1. e4 c5 2. Nf3 g6 3. d4 cxd4 4. Nxd4 Bg7 5. Be3 Nc6 6. c3 Nf6 7. f3 0-0 8. Bc4 d5 9. Nxc6 bxc6 10. exd5 cxd5 11. Bd3 Qc7 12. 0-0 Rb8 13. Qd2 Nd7 14. Qf2 Ne5 15. Rd1 a5 16. a4 Nxd3 17. Rxd3 e6 18. Bc5 Ba6 19. Bxf8 Bxf8 20. Qd2 Qc4 21. Na3 Qxd3 22. Qf4 Rxb2 23. h4 Qxc3 24. Nb5 Rxb5 25. Rc1 Rb4 0-1

[Event "Mislata op-C 51st"]
[Site "Mislata"]
[Date "2017.08.13"]
[Round "9.1"]
[White "Hernandez Torralba, Sergio"]
[Black "Morenilla Rocher, Fernando"]
[Result "1-0"]
[WhiteElo "1870"]
[BlackElo "1829"]
[PlyCount "55"]
[EventDate "2017.08.07"]
[EventType "swiss"]
[EventRounds "9"]
[EventCountry "ESP"]
[SourceTitle "EXT 2024"]
[Source "ChessBase"]
[SourceDate "2023.10.10"]
[SourceVersion "1"]
[SourceVersionDate "2023.10.10"]
[SourceQuality "1"]

1. e4 g6 2. d4 Bg7 3. Nf3 d6 4. Nc3 Bg4 5. Bc4 Nf6 6. Bg5 0-0 7. Qd2 Bxf3 8. gxf3 Nc6 9. 0-0-0 e5 10. d5 Ne7 11. h4 Nh5 12. Ne2 f6 13. Bh6 f5 14. Bxg7 Kxg7 15. Ng3 Nxg3 16. fxg3 fxe4 17. fxe4 Qd7 18. h5 Qg4 19. Be2 Qxg3 20. hxg6 Qf4 21. Rxh7+ Kxg6 22. Qxf4 exf4 23. Rxe7 f3 24. Bd3 Kg5 25. Rf1 Rf6 26. Kd2 Kf4 27. Be2 Kg3 28. Rg7+ 1-0

[Event "Almansa op-B 12th"]
[Site "Almansa"]
[Date "2017.08.03"]
[Round "4"]
[White "Hernandez Torralba, Sergio"]
[Black "Navio Lopez, Manuel Alberto"]
[Result "1-0"]
[WhiteElo "1870"]
[BlackElo "1667"]
[PlyCount "91"]
[EventDate "2017.08.01"]
[EventType "swiss"]
[EventRounds "9"]
[EventCountry "ESP"]
[SourceTitle "EXT 2019"]
[Source "ChessBase"]
[SourceDate "2018.10.10"]
[SourceVersion "1"]
[SourceVersionDate "2018.10.10"]
[SourceQuality "1"]

1. e4 e6 2. d4 d5 3. Nd2 Nf6 4. e5 Nfd7 5. f4 c5 6. c3 Nc6 7. Ndf3 Qb6 8. g3 Be7 9. Bh3 0-0 10. Ne2 Kh8 11. 0-0 cxd4 12. cxd4 f6 13. Kh1 f5 14. g4 Ndb8 15. gxf5 exf5 16. b3 Be6 17. Ng5 Nd8 18. Qd3 Qa6 19. Qf3 g6 20. Nxe6 Nxe6 21. Qxd5 Rd8 22. Qg2 Qd3 23. Qxb7 Qxh3 24. Rf3 Qh4 25. Qxa8 Qe1+ 26. Ng1 Nxd4 27. Bb2 Qb4 28. Bxd4 Qxd4 29. Rff1 Na6 30. Qb7 Qe4+ 31. Qxe4 fxe4 32. Rfe1 Rd4 33. Rad1 Rxd1 34. Rxd1 e3 35. Rd7 Bc5 36. Kg2 Nb4 37. a3 Nc2 38. b4 Bb6 39. Kf3 Ne1+ 40. Ke4 Nc2 41. Rd3 Kg7 42. Ne2 Ne1 43. Rd7+ Kg8 44. a4 Nc2 45. a5 Nd4 46. Rxd4 1-0

[Event "Xativa Murta op 2nd"]
[Site "Xativa"]
[Date "2016.08.25"]
[Round "5"]
[White "Sanchis Hernandez, Sergio"]
[Black "Hernandez Torralba, Sergio"]
[Result "1/2-1/2"]
[WhiteElo "1768"]
[BlackElo "1904"]
[PlyCount "65"]
[EventDate "2016.08.22"]
[EventType "swiss"]
[EventRounds "9"]
[EventCountry "ESP"]
[SourceTitle "CBM 174 Extra"]
[Source "ChessBase"]
[SourceDate "2016.10.10"]
[SourceVersion "1"]
[SourceVersionDate "2016.10.10"]
[SourceQuality "1"]

1. e4 c5 2. Nf3 d6 3. d4 cxd4 4. Nxd4 Nf6 5. Nc3 g6 6. Be3 Bg7 7. f3 0-0 8. Qd2 Nc6 9. 0-0-0 d5 10. Qe1 e6 11. Nxc6 bxc6 12. h4 Qa5 13. a3 Rb8 14. Nxd5 Qxe1 15. Ne7+ Kh8 16. Rxe1 Ng8 17. Nxc6 Rxb2 18. e5 Rb7 19. f4 Bd7 20. Na5 Rc7 21. Bd3 Ne7 22. h5 Rb8 23. hxg6 fxg6 24. g4 Kg8 25. Rh2 Rbc8 26. Reh1 Rc3 27. Kb2 Nd5 28. Bd2 Rb8+ 29. Nb3 Rbxb3+ 30. cxb3 Rxd3 31. Kc2 Rf3 32. Rh3 Rf2 33. R1h2 1/2-1/2

[Event "Quart de Poblet op 3rd"]
[Site "Quart de Poblet"]
[Date "2015.07.26"]
[Round "6.4"]
[White "Hernandez Torralba, Sergio"]
[Black "Ballester Llagaria, Luis Eduardo"]
[Result "0-1"]
[WhiteElo "1853"]
[BlackElo "2265"]
[PlyCount "110"]
[EventDate "2015.07.18"]
[EventType "swiss"]
[EventRounds "7"]
[EventCountry "ESP"]
[SourceTitle "EXT 2024"]
[Source "ChessBase"]
[SourceDate "2023.10.10"]
[SourceVersion "1"]
[SourceVersionDate "2023.10.10"]
[SourceQuality "1"]

1. e4 e6 2. d4 d5 3. Nd2 Nc6 4. c3 e5 5. exd5 Qxd5 6. dxe5 Nxe5 7. Ngf3 Nd3+ 8. Bxd3 Qxd3 9. Qe2+ Qxe2+ 10. Kxe2 Bf5 11. Nd4 Bg6 12. Re1 0-0-0 13. Kf1 Nf6 14. N2f3 Bc5 15. Bg5 Rd6 16. Nb3 Bb6 17. Ne5 Re6 18. Nxg6 Rxe1+ 19. Rxe1 hxg6 20. h3 Re8 21. Rxe8+ Nxe8 22. Ke2 Nd6 23. Nd2 Kd7 24. Be3 c5 25. f3 Kc6 26. c4 Bd8 27. Ne4 Nxc4 28. b3 Nxe3 29. Kxe3 b5 30. Kd3 f5 31. Nc3 Bf6 32. Ne2 Be5 33. Nc1 Kd5 34. Ne2 a5 35. Kc2 c4 36. bxc4+ Kxc4 37. Nc1 a4 38. Nd3 Bd6 39. Nb2+ Kd4 40. Kd2 Bb4+ 41. Kc2 Bd6 42. Kd2 Bb4+ 43. Kc2 Bc3 44. Nd3 Kc4 45. Nf4 g5 46. Ne6 Bf6 47. f4 g4 48. hxg4 fxg4 49. Nf8 b4 50. Nd7 b3+ 51. axb3+ axb3+ 52. Kd2 Bd4 53. Ne5+ Bxe5 54. fxe5 Kd5 55. e6 Kxe6 0-1

[Event "Quart de Poblet op 3rd"]
[Site "Quart de Poblet"]
[Date "2015.07.18"]
[Round "2.4"]
[White "Buenafe Moya, Javier"]
[Black "Hernandez Torralba, Sergio"]
[Result "1-0"]
[WhiteElo "2258"]
[BlackElo "1853"]
[PlyCount "75"]
[EventDate "2015.07.18"]
[EventType "swiss"]
[EventRounds "7"]
[EventCountry "ESP"]
[SourceTitle "EXT 2024"]
[Source "ChessBase"]
[SourceDate "2023.10.10"]
[SourceVersion "1"]
[SourceVersionDate "2023.10.10"]
[SourceQuality "1"]

1. c4 e5 2. Nc3 Nf6 3. g3 d5 4. cxd5 Nxd5 5. Bg2 Nb6 6. Nf3 Nc6 7. 0-0 Be7 8. d3 0-0 9. Be3 Re8 10. a4 a5 11. Bxb6 cxb6 12. Nb5 Bf8 13. Rc1 Bg4 14. h3 Be6 15. d4 e4 16. Ne5 Bd5 17. Nc4 Rc8 18. Ne3 Nb4 19. Nc3 Qd7 20. Nexd5 Nxd5 21. Nxe4 Rxc1 22. Qxc1 Qxa4 23. Ng5 Nf6 24. e3 Qd7 25. Rd1 Rc8 26. Qd2 h6 27. Nf3 Bd6 28. Qd3 Qa4 29. Ne1 Rc7 30. e4 Bb4 31. e5 Nd7 32. b3 Qa2 33. Bd5 Bxe1 34. Rxe1 a4 35. Qf5 Nf8 36. e6 fxe6 37. Rxe6 Qa1+ 38. Re1+ 1-0

[Event "Mislata op-C 48th"]
[Site "Mislata"]
[Date "2014.08.16"]
[Round "8"]
[White "Hernandez Torralba, Sergio"]
[Black "Soriano Folch, Jonathan"]
[Result "0-1"]
[WhiteElo "1804"]
[BlackElo "1828"]
[PlyCount "59"]
[EventDate "2014.08.11"]
[EventType "swiss"]
[EventRounds "9"]
[EventCountry "ESP"]
[SourceTitle "EXT 2019"]
[Source "ChessBase"]
[SourceDate "2018.10.10"]
[SourceVersion "1"]
[SourceVersionDate "2018.10.10"]
[SourceQuality "1"]

1. e4 c5 2. Nf3 e6 3. g3 Nc6 4. d4 cxd4 5. Nxd4 Nf6 6. Bg2 d5 7. exd5 Nxd5 8. Nxc6 bxc6 9. 0-0 Bd6 10. c4 Ne7 11. Qg4 0-0 12. Bh6 Ng6 13. Bxc6 Rb8 14. Bc1 Ne5 15. Qe4 Qc7 16. c5 Bxc5 17. Bf4 Qxc6 18. Qxc6 Nxc6 19. Bxb8 Nxb8 20. Nc3 Nc6 21. Rac1 Nd4 22. h4 a5 23. Rcd1 Ba6 24. Na4 Ne2+ 25. Kg2 Bd4 26. Rfe1 e5 27. Rd2 Bb5 28. Rexe2 Bxa4 29. f4 Bc6+ 30. Kh3 0-1

[Event "Mislata op-C 48th"]
[Site "Mislata"]
[Date "2014.08.14"]
[Round "5"]
[White "Hernandez Torralba, Sergio"]
[Black "Morenilla Rocher, Fernando"]
[Result "1/2-1/2"]
[WhiteElo "1804"]
[BlackElo "1811"]
[PlyCount "88"]
[EventDate "2014.08.11"]
[EventType "swiss"]
[EventRounds "9"]
[EventCountry "ESP"]
[SourceTitle "EXT 2019"]
[Source "ChessBase"]
[SourceDate "2018.10.10"]
[SourceVersion "1"]
[SourceVersionDate "2018.10.10"]
[SourceQuality "1"]

1. e4 c6 2. d4 d5 3. Nc3 dxe4 4. Nxe4 Nf6 5. Ng3 Nbd7 6. Nf3 e6 7. Bd3 Bd6 8. 0-0 0-0 9. Re1 Re8 10. Ne5 c5 11. Nxd7 Bxd7 12. Ne4 Nxe4 13. Bxe4 Qc7 14. dxc5 Bxh2+ 15. Kh1 Be5 16. Bxh7+ Kf8 17. Qh5 Bf6 18. Qf3 Ke7 19. Bf4 e5 20. Be4 Rh8+ 21. Kg1 Rh4 22. Bg3 Rh6 23. Rad1 Rah8 24. Kf1 Qxc5 25. Qb3 Bb5+ 26. Bd3 Bxd3+ 27. Qxd3 Rh1+ 28. Ke2 Rxe1+ 29. Kxe1 Rh1+ 30. Ke2 Rxd1 31. Kxd1 Qd6 32. Ke2 Qxd3+ 33. Kxd3 Ke6 34. Ke4 g5 35. c4 Bg7 36. f3 f5+ 37. Kd3 Bf8 38. Bf2 b6 39. b3 g4 40. fxg4 fxg4 41. Ke4 Bh6 42. Bh4 Bf4 43. Bd8 Kd7 44. Bf6 Ke6 1/2-1/2

[Event "Valencia-ch U18"]
[Site "Valencia"]
[Date "2012.04.12"]
[Round "4"]
[White "Davidovas Chananovas, Norman"]
[Black "Hernandez Torralba, Sergio"]
[Result "1-0"]
[WhiteElo "1781"]
[BlackElo "1633"]
[PlyCount "119"]
[EventDate "2012.04.11"]
[EventType "swiss"]
[EventRounds "6"]
[EventCountry "ESP"]
[SourceTitle "CBM 147 Extra"]
[Source "ChessBase"]
[SourceDate "2012.04.24"]
[SourceVersion "1"]
[SourceVersionDate "2012.04.24"]
[SourceQuality "1"]

1. e4 e5 2. Bc4 Bc5 3. Nf3 Nf6 4. d3 d6 5. c3 0-0 6. 0-0 Bg4 7. a4 a5 8. Nbd2 Nc6 9. Qb3 Bb6 10. h3 Bh5 11. Kh1 Nd7 12. Nh2 Nc5 13. Qc2 Kh8 14. f4 f6 15. f5 Qe7 16. Ndf3 Rad8 17. g4 Bf7 18. Bd5 Qd7 19. Bxc6 Qxc6 20. b4 axb4 21. cxb4 Nb3 22. Qxc6 bxc6 23. Rb1 c5 24. a5 Ba7 25. Nd2 Nxd2 26. Bxd2 cxb4 27. Bxb4 c5 28. Ba3 Rb8 29. Nf3 d5 30. Nd2 Rfc8 31. Rxb8 Rxb8 32. Rb1 Rxb1+ 33. Nxb1 d4 34. Nd2 Kg8 35. g5 Kf8 36. gxf6 gxf6 37. Kg2 h5 38. Kg3 Kg7 39. Kh4 Kh6 40. Nc4 Bxc4 41. dxc4 Kg7 42. Kxh5 Kh7 43. Bc1 Bb8 44. Bd2 Ba7 45. Kg4 Bb8 46. Kf3 Kg7 47. Ke2 Kf7 48. Kd3 Ke8 49. Kc2 Kd7 50. h4 Bd6 51. h5 Bf8 52. h6 Kc6 53. Kb3 Kb7 54. Ka4 Ka6 55. Bc1 Kb7 56. Kb5 Ka7 57. h7 Bg7 58. Kxc5 Ka6 59. Bd2 Bh8 60. Kd6 1-0

[Event "Burjassot Provincial-ch Primera"]
[Site "Burjassot"]
[Date "2011.11.26"]
[Round "7.3"]
[White "Castillo Serrano, Jose"]
[Black "Hernandez Torralba, Sergio"]
[Result "1-0"]
[WhiteElo "1857"]
[BlackElo "1532"]
[PlyCount "61"]
[EventDate "2011.10.01"]
[EventType "swiss"]
[EventRounds "7"]
[EventCountry "ESP"]
[SourceTitle "EXT 2024"]
[Source "ChessBase"]
[SourceDate "2023.10.10"]
[SourceVersion "1"]
[SourceVersionDate "2023.10.10"]
[SourceQuality "1"]

1. d4 Nf6 2. c4 g6 3. Nc3 d5 4. cxd5 Nxd5 5. e4 Nxc3 6. bxc3 Bg7 7. Bc4 c5 8. Ne2 Nc6 9. Be3 0-0 10. 0-0 Bg4 11. f3 Na5 12. Bd3 cxd4 13. cxd4 Be6 14. Qd2 Nc4 15. Bxc4 Bxc4 16. Rfd1 Qd7 17. Rac1 Rac8 18. Ng3 Rfd8 19. d5 b6 20. Nh1 Qa4 21. Rc2 Rd7 22. Nf2 Rcd8 23. Ng4 Rc8 24. Bd4 Bxd4+ 25. Qxd4 f6 26. Rdc1 b5 27. h4 Qb4 28. Qa1 Rd6 29. h5 Ra6 30. Kh1 Rc5 31. Rb2 1-0

[Event "Burjassot Provincial-ch Primera"]
[Site "Burjassot"]
[Date "2011.11.19"]
[Round "6.3"]
[White "Hernandez Torralba, Sergio"]
[Black "Aupi Royo, Juan Ignacio"]
[Result "1/2-1/2"]
[WhiteElo "1532"]
[BlackElo "1816"]
[PlyCount "56"]
[EventDate "2011.10.01"]
[EventType "swiss"]
[EventRounds "7"]
[EventCountry "ESP"]
[SourceTitle "EXT 2024"]
[Source "ChessBase"]
[SourceDate "2023.10.10"]
[SourceVersion "1"]
[SourceVersionDate "2023.10.10"]
[SourceQuality "1"]

1. e4 Nf6 2. e5 Nd5 3. d4 d6 4. c4 Nb6 5. exd6 exd6 6. b3 Be7 7. Bb2 0-0 8. Nf3 Bf6 9. Be2 Bg4 10. 0-0 Re8 11. Re1 c5 12. h3 Bh5 13. g4 Bg6 14. Nc3 Nc6 15. dxc5 dxc5 16. Qxd8 Raxd8 17. Rad1 Nd4 18. Nxd4 Bxd4 19. Bf3 f5 20. Bxb7 fxg4 21. hxg4 Rb8 22. Bf3 Rf8 23. Kg2 Rxf3 24. Kxf3 Rf8+ 25. Kg3 Bxf2+ 26. Kg2 Bxe1 27. Rxe1 Rd8 28. Re2 Rd3 1/2-1/2